000
00197 a2200097 4500
020
_a
9780061240942
041
_a
eng
100
_a
O" connor jane
245
_a
Almost true confessions
942
_c
BK
999
_c
10945
_d
10945